No era pecado... La contratación privada para la renovación del Estado

Saved in:
Bibliographic Details
Corporate Author: Costa Rica. Ministerio de Planificación Nacional y Política Económica
Format: Unknown
Published: San José: MIDEPLAN
Subjects:
Tags: Add Tag
No Tags, Be the first to tag this record!

MARC

LEADER 00000 a2200000 04500
001 10526
003
008 991231s d
040
090 |a 136614  
110 |a Costa Rica. Ministerio de Planificación Nacional y Política Económica  
245 |a No era pecado... La contratación privada para la renovación del Estado  
260 |a San José:   |b MIDEPLAN  
300 |a vi, 469 p  
650 |a CONTRATOS PUBLICOS  
650 |a SECTOR PRIVADO  
650 |a LICITACION  
650 |a INSTITUCIONES PUBLICAS  
650 |a LEGISLACION  
999 |c 5026  |d 5026